000 00648nam a22001937a 4500
999 _c177930
_d177930
005 20210310162158.0
010 _aUR-11065
020 _c280.00
_a-
035 _aU-9620
037 _bDBAD/PUB
082 _a844
100 _aعبد المتين جا می
245 _aآ ہينہ تنقيد (مضا مين)
_cعبد المتين جا می
246 _bAaina-e-Tanqeed Essay) (Urdu)
_aby Abdul Matin Jami
260 _aN.Delhi
_c2020 ء
_bEducational Publishing House
270 _a3191,Vakil Street,Kucha Pandit Lal Kuan,
_bDelhi
_e110006
_l45678203
300 _a200 ص
_c22 Cm(Hb)
942 _2ddc
_cUR
_h844
_mج ا م